[Event "Summer"]
[Site "?"]
[Date "2005.08.11"]
[Round "9"]
[White "Kovacevic Blazimir"]
[Black "Cebalo Miso"]
[Result "1/2-1/2"]
[WhiteElo "2495"]
[BlackElo "2511"]
[PlyCount "58"]
[EventDate "2005.??.??"]
[Source "www.chesslib.no"]
[SourceDate "2004.05.04"]

1. b3 b6 2. Bb2 Bb7 3. Nf3 e6 4. d3 Bxf3 5. gxf3 Qh4 6. e3 Nf6 7. Nd2 Nc6 8. f4 Be7 9. Nf3 Qh5 10. Bg2 d5 11. O-O Rd8 12. c4 O-O 13. Ne5 Qxd1 14. Rfxd1 Nxe5 15. fxe5 Ne8 16. cxd5 exd5 17. d4 f6 18. Rac1 g6 19. Bf1 Kf7 20. Rc6 a5 21. Bh3 f5 22. Bf1 Kg7 23. Bb5 Kf7 24. Kg2 Kg7 25. Kg3 Kf7 26. Rdc1 Rb8 27. Be2 Rd8 28. Kh3 Rg8 29. Kg2 Kg7 1/2-1/2

[Event "Teeside"]
[Site "Teeside"]
[Date "1972.??.??"]
[Round "5"]
[White "Larsen, Bent"]
[Black "Bellin, Robert"]
[Result "1-0"]
[WhiteElo "2660"]
[BlackElo "2315"]
[PlyCount "109"]
[EventDate "1972.??.??"]
[Source "ChessBase"]

1. b3 b6 2. Bb2 Bb7 3. e3 Nf6 4. f4 g6 5. Nf3 Bg7 6. a4 a6 7. Be2 O-O 8. O-O d6 9. Na3 c6 10. b4 Nbd7 11. Nc4 Qc7 12. Ra3 c5 13. bxc5 Nxc5 14. Qb1 b5 15. axb5 axb5 16. Rxa8 Rxa8 17. Na3 b4 18. Nc4 Ba6 19. Bd4 Ncd7 20. Qa2 Qc8 21. Ra1 Bb7 22. Qb3 Rxa1+ 23. Bxa1 Ba6 24. Bxf6 Bxf6 25. Bf1 d5 26. Nce5 Bxe5 27. fxe5 Bxf1 28. Kxf1 Qc4+ 29. Qxc4 dxc4 30. Ke2 f6 31. exf6 exf6 32. d3 Nb6 33. dxc4 Nxc4 34. Kd3 Nb2+ 35. Kd4 Kf7 36. Ne1 Ke6 37. Nd3 Nd1 38. Nxb4 f5 39. Nd3 g5 40. c4 h5 41. h4 gxh4 42. Nf4+ Kd7 43. Nxh5 Nf2 44. Ng7 h3 45. gxh3 Nxh3 46. Nxf5 Ng5 47. Kd5 Ne6 48. Nd4 Nc7+ 49. Kc5 Ne8 50. e4 Nf6 51. e5 Ng4 52. e6+ Ke7 53. Kb6 Nf6 54. c5 Ne8 55. Kb7 1-0

[Event "Maribor"]
[Site "Maribor"]
[Date "1980.10.??"]
[Round "3"]
[White "Nikolac, Juraj"]
[Black "Speelman, Jonathan S"]
[Result "1/2-1/2"]
[WhiteElo "2480"]
[BlackElo "2490"]
[PlyCount "62"]
[EventDate "1980.??.??"]
[Source "www.chesslib.no"]
[SourceDate "2004.05.04"]

1. b3 b6 2. Bb2 Bb7 3. Nf3 e6 4. g3 f5 5. Bg2 Nf6 6. O-O Be7 7. d3 O-O 8. Nbd2 Na6 9. e4 fxe4 10. Ng5 Nc5 11. Ngxe4 Nfxe4 12. Nxe4 Nxe4 13. dxe4 Rf7 14. Qe2 Bc5 15. Rad1 a5 16. e5 Bxg2 17. Kxg2 a4 18. Bd4 axb3 19. axb3 Qe7 20. Qc4 d5 21. exd6 cxd6 22. Rfe1 Re8 23. b4 Qb7+ 24. Kg1 b5 25. Qc3 Rf3 26. Re3 Rxe3 27. Qxe3 Bxb4 28. Ra1 Bc5 29. Bxc5 dxc5 30. Qxc5 Rc8 31. Qe5 Qd5 1/2-1/2

[Event "It (Open) Djakovo CRO"]
[Site "?"]
[Date "2006.05.01"]
[Round "3"]
[White "Kovacevic Blazimir"]
[Black "Saric Ante"]
[Result "1-0"]
[WhiteElo "2468"]
[BlackElo "2474"]
[PlyCount "37"]
[EventDate "2006.??.??"]
[Source "www.chesslib.no"]
[SourceDate "2004.05.04"]

1. b3 b6 2. Bb2 Bb7 3. e3 e6 4. f4 Nf6 5. Nf3 Rg8 6. g3 g5 7. fxg5 Rxg5 8. Nxg5 Bxh1 9. Be2 Nc6 10. Bh5 Nxh5 11. Qxh5 Qe7 12. Nxh7 e5 13. Nxf8 O-O-O 14. Nc3 e4 15. Nh7 Bf3 16. Qf5 f6 17. Nxf6 Nb4 18. Ncxe4 Nxc2+ 19. Kf2 1-0

[Event "Paris Open"]
[Site "Paris FRA"]
[Date "1995.??.??"]
[Round "?"]
[White "Markowski, Tomasz"]
[Black "Djuric, Stefan"]
[Result "1-0"]
[WhiteElo "2470"]
[BlackElo "2460"]
[PlyCount "77"]
[EventDate "1995.04.??"]
[Source "www.chesslib.no"]
[SourceDate "2004.05.04"]

1. b3 b6 2. Bb2 Bb7 3. e3 e6 4. Nf3 Nf6 5. Be2 Be7 6. O-O O-O 7. c4 c5 8. Nc3 d6 9. Qc2 Nbd7 10. a4 a6 11. Rfd1 Qc7 12. Ba3 Ne5 13. Nxe5 dxe5 14. d3 Bd6 15. h3 Nd7 16. Rab1 f5 17. b4 Rf6 18. bxc5 Nxc5 19. Qb2 Rg6 20. Qxb6 Rxg2+ 21. Kf1 Rh2 22. Ke1 Rc8 23. Bxc5 Bxc5 24. Qxb7 Qd8 25. Qxa6 Qe8 26. Rb7 Rxh3 27. Qb5 Qf8 28. Qd7 Rh6 29. Rdb1 Bd6 30. Kd2 Rd8 31. Qc6 e4 32. Rg1 exd3 33. Rbxg7+ Qxg7 34. Rxg7+ Kxg7 35. Bxd3 Be5 36. a5 Rf6 37. a6 Rd6 38. Qg2+ Rg6 39. Qb7+ 1-0

[Event "Geneva"]
[Site "Geneve Geneva"]
[Date "1995.??.??"]
[Round "?"]
[White "Landenbergue, Claude"]
[Black "Gheorghiu, Florin"]
[Result "1/2-1/2"]
[WhiteElo "2430"]
[BlackElo "2475"]
[PlyCount "23"]
[EventDate "1995.??.??"]
[Source "www.chesslib.no"]
[SourceDate "2004.05.04"]

1. b3 b6 2. Bb2 Bb7 3. e3 e6 4. Nf3 Nf6 5. Be2 Be7 6. O-O O-O 7. c4 c5 8. Nc3 d5 9. d4 cxd4 10. Nxd4 dxc4 11. Bxc4 a6 12. Be2 1/2-1/2

[Event "AUT Team Ch 9596"]
[Site "Austria"]
[Date "1996.??.??"]
[Round "?"]
[White "Bischoff, Klaus"]
[Black "Schneider, Attila"]
[Result "1/2-1/2"]
[WhiteElo "2520"]
[BlackElo "2380"]
[PlyCount "28"]
[EventDate "1995.??.??"]
[Source "www.chesslib.no"]
[SourceDate "2004.05.04"]

1. b3 b6 2. Bb2 Bb7 3. Nf3 Nf6 4. Bxf6 exf6 5. e3 f5 6. g3 Qf6 7. d4 Bb4+ 8. c3 Bxc3+ 9. Nxc3 Qc6 10. Rc1 Qxf3 11. Qxf3 Bxf3 12. Rg1 a6 13. d5 b5 14. Be2 Bxe2 1/2-1/2

[Event "It IM, Kastav CRO"]
[Site "?"]
[Date "2001.??.??"]
[Round "7"]
[White "Lovric, B."]
[Black "Golubovic, B."]
[Result "1/2-1/2"]
[WhiteElo "2370"]
[BlackElo "2465"]
[PlyCount "33"]
[EventDate "2001.??.??"]
[Source "www.chesslib.no"]
[SourceDate "2004.05.04"]

1. b3 b6 2. Bb2 Bb7 3. e3 e6 4. f4 c5 5. Nf3 Nf6 6. g3 Be7 7. Bg2 O-O 8. O-O d6 9. Qe2 Nbd7 10. d3 a6 11. e4 Qc7 12. Nbd2 Rfe8 13. a4 b5 14. axb5 axb5 15. Rxa8 Rxa8 16. Ra1 Rxa1+ 17. Bxa1 1/2-1/2

[Event "Barbera del Valles Open"]
[Site "?"]
[Date "2004.07.10"]
[Round "6"]
[White "Gonzalez Rodriguez Jorge A"]
[Black "Colovic Alexander"]
[Result "1/2-1/2"]
[WhiteElo "2348"]
[BlackElo "2442"]
[PlyCount "86"]
[EventDate "2004.??.??"]
[Source "www.chesslib.no"]
[SourceDate "2004.05.04"]

1. b3 b6 2. Nf3 c5 3. g3 Bb7 4. Bg2 Nf6 5. Bb2 g6 6. Bxf6 exf6 7. O-O Bg7 8. e3 f5 9. d4 O-O 10. c3 d6 11. a4 Nd7 12. a5 Nf6 13. Nfd2 Bxg2 14. Kxg2 Re8 15. Qf3 d5 16. Na3 Ne4 17. Nxe4 fxe4 18. Qe2 cxd4 19. exd4 Rc8 20. axb6 Qxb6 21. Nb1 Qxb3 22. Rxa7 Ra8 23. Qa6 Rxa7 24. Qxa7 Qb5 25. Qa2 h5 26. Na3 Qd7 27. Qe2 h4 28. gxh4 Qe7 29. Nc2 Qxh4 30. Ne3 Rc8 31. Qb5 Rd8 32. f4 exf3+ 33. Rxf3 Bh6 34. Qb7 Bf4 35. h3 Re8 36. Ng4 Re2+ 37. Nf2 Rxf2+ 38. Rxf2 Qg3+ 39. Kf1 Qxh3+ 40. Ke2 Qe3+ 41. Kf1 Qh3+ 42. Ke2 Qe3+ 43. Kf1 Qh3+ 1/2-1/2

[Event "London Aaronson"]
[Site "London"]
[Date "1978.??.??"]
[Round "6"]
[White "Wicker, Kevin J"]
[Black "Hartston, William R"]
[Result "0-1"]
[WhiteElo "2305"]
[BlackElo "2475"]
[PlyCount "72"]
[EventDate "1978.03.??"]
[Source "ChessBase"]

1. b3 b6 2. Bb2 Bb7 3. e3 Nf6 4. c4 g6 5. Nf3 Bg7 6. Be2 O-O 7. O-O c5 8. Nc3 d6 9. d4 a6 10. Qc2 Nbd7 11. d5 b5 12. a4 b4 13. Na2 e5 14. Nd2 Qe7 15. Bd3 Rae8 16. e4 h5 17. f3 Bh6 18. Rfe1 h4 19. Nf1 Nh5 20. Nc1 Kg7 21. Ne2 Bc8 22. Bc1 Bxc1 23. Qxc1 Ndf6 24. Ra2 Nh7 25. Bb1 Ng5 26. f4 exf4 27. Nxf4 Nxf4 28. Qxf4 h3 29. g3 f5 30. e5 dxe5 31. Rae2 Qf6 32. Qf2 e4 33. Rd1 f4 34. gxf4 Bg4 35. Ng3 Qxf4 36. Rf1 Qe5 0-1

[Event "New York USA"]
[Site "?"]
[Date "1987.??.??"]
[Round "?"]
[White "Dimitrijevic Darko"]
[Black "Kapetanovic Armin"]
[Result "1/2-1/2"]
[WhiteElo "2325"]
[BlackElo "2415"]
[PlyCount "22"]
[EventDate "1987.??.??"]
[Source "www.chesslib.no"]
[SourceDate "2004.05.04"]

1. b3 b6 2. Bb2 Bb7 3. Nf3 Nf6 4. e3 e6 5. d4 d5 6. Bd3 Bd6 7. O-O O-O 8. Nbd2 Nbd7 9. Qe2 Qe7 10. Rfe1 Rfe8 11. Rad1 Rad8 1/2-1/2

[Event "DEN Ch cand"]
[Site "?"]
[Date "1998.??.??"]
[Round "4"]
[White "Pedersen Jan"]
[Black "Borbjerggaard Lars"]
[Result "0-1"]
[WhiteElo "2365"]
[BlackElo "2360"]
[PlyCount "35"]
[EventDate "1998.??.??"]
[Source "www.chesslib.no"]
[SourceDate "2004.05.04"]

1. b3 b6 2. Bb2 Bb7 3. e3 e6 4. Nf3 f5 5. Be2 Nf6 6. c4 Be7 7. Nc3 O-O 8. d3 h6 9. Qd2 d6 10. h3 e5 11. O-O-O Nbd7 12. Rhg1 Nh7 13. d4 e4 14. Ne1 Qe8 15. f4 exf3 16. Bxf3 Bg5 17. Nc2 Bxf3 18. gxf3 0-1

[Event "Copenhagen Open"]
[Site "Copenhagen DEN"]
[Date "1990.??.??"]
[Round "3"]
[White "Stein, Bernd"]
[Black "Sorensen, Torben"]
[Result "1-0"]
[WhiteElo "2415"]
[BlackElo "2300"]
[PlyCount "49"]
[EventDate "1990.06.??"]
[Source "www.chesslib.no"]
[SourceDate "2004.05.04"]

1. b3 b6 2. Bb2 Bb7 3. Nf3 Nf6 4. c4 c5 5. e3 e6 6. Nc3 Be7 7. Rc1 O-O 8. Bd3 d6 9. Bb1 Nbd7 10. O-O Re8 11. d4 cxd4 12. exd4 d5 13. Ne5 Rc8 14. Qe2 a6 15. Rfd1 Rc7 16. Rd3 Bf8 17. Rg3 dxc4 18. bxc4 Qa8 19. Na4 Qa7 20. Nxd7 Rxd7 21. Qe5 Kh8 22. d5 Qb8 23. Qg5 Qd8 24. Rh3 Bxd5 25. Bxf6 1-0

[Event "EuTChw, Leon ESP"]
[Site "?"]
[Date "2001.??.??"]
[Round "6"]
[White "Koskoska, G."]
[Black "Skripchenko, A."]
[Result "0-1"]
[WhiteElo "2215"]
[BlackElo "2495"]
[PlyCount "78"]
[EventDate "2001.??.??"]
[Source "www.chesslib.no"]
[SourceDate "2004.05.04"]

1. b3 b6 2. Bb2 Bb7 3. Nf3 e6 4. g3 Nf6 5. Bg2 c5 6. d3 d5 7. Nbd2 Be7 8. e4 Nc6 9. O-O Qc7 10. Qe2 O-O 11. Rfe1 d4 12. Nf1 e5 13. h4 b5 14. c4 dxc3 15. Bxc3 Nd4 16. Qb2 Bd6 17. Ne3 Rfe8 18. Rac1 Qd7 19. Red1 Bf8 20. Kh2 Qd6 21. Qd2 g6 22. Ng5 a5 23. Rb1 h6 24. Nh3 Bc8 25. f3 Be6 26. Nf2 Bg7 27. Neg4 Nxg4+ 28. Nxg4 f5 29. Ne3 f4 30. Nf1 fxg3+ 31. Kxg3 Rf8 32. Nh2 Qe7 33. Rh1 Rf4 34. Ng4 h5 35. Bxd4 cxd4 36. Nf2 Bf6 37. Rbg1 Bxh4+ 38. Kh2 Bxf2 39. Qxf2 Rh4+ 0-1

[Event "Cseppko op-A 11th"]
[Site "?"]
[Date "2002.07.19"]
[Round "6"]
[White "Laszlo Janos"]
[Black "Mester Gyula"]
[Result "0-1"]
[WhiteElo "2277"]
[BlackElo "2419"]
[PlyCount "116"]
[EventDate "2002.??.??"]
[Source "www.chesslib.no"]
[SourceDate "2004.05.04"]

1. b3 b6 2. Bb2 Bb7 3. e3 Nc6 4. Nf3 Nf6 5. Be2 g6 6. Bxf6 exf6 7. d4 f5 8. O-O Bg7 9. c4 f4 10. exf4 Qf6 11. Nc3 Qxf4 12. Nd5 Qd6 13. Qd3 O-O 14. Rad1 Nd8 15. Nd2 f5 16. Bf3 Ne6 17. c5 bxc5 18. Nc4 Qa6 19. dxc5 Rad8 20. b4 Kh8 21. b5 Qxa2 22. Nc3 Qb3 23. Na5 Qxc3 24. Qxc3 Bxc3 25. Nxb7 Rc8 26. Rxd7 Nd4 27. Rb1 Nxf3+ 28. gxf3 Be5 29. Na5 Bf4 30. Nc6 Ra8 31. Re1 Rfe8 32. Rxe8+ Rxe8 33. Rd8 Rxd8 34. Nxd8 Bc1 35. Ne6 Ba3 36. Nxc7 Bxc5 37. Nd5 Kg8 38. Kf1 Kf7 39. Ke2 Ke6 40. Nf4+ Ke5 41. Ng2 Kd5 42. h4 Kc4 43. h5 gxh5 44. f4 Kxb5 45. Nh4 a5 46. Nxf5 a4 47. Kd3 a3 48. Kc3 Kc6 49. Kb3 Kd5 50. f3 Bf8 51. Kc2 Ke6 52. Nd4+ Kf6 53. Kd3 a2 54. Nc2 Bc5 55. Ke2 h4 56. Kf1 h3 57. Na1 Kf5 58. Nb3 Kxf4 0-1

[Event "HUN-chT1 9596"]
[Site "HUN"]
[Date "1996.??.??"]
[Round "8"]
[White "Nagy, Robert"]
[Black "Tompa, Janos"]
[Result "1-0"]
[WhiteElo "2215"]
[BlackElo "2455"]
[PlyCount "89"]
[EventDate "1995.??.??"]
[Source "www.chesslib.no"]
[SourceDate "2004.05.04"]

1. b3 b6 2. Bb2 Bb7 3. c4 c5 4. Nf3 Nf6 5. e3 a6 6. Qc2 e6 7. Be2 Be7 8. O-O d6 9. d3 O-O 10. Nbd2 Nbd7 11. Rad1 b5 12. a3 Rc8 13. Qb1 Qb6 14. d4 Bc6 15. dxc5 Nxc5 16. Nd4 Bd7 17. b4 Na4 18. Ba1 g6 19. Rc1 e5 20. N4b3 Rfe8 21. Rfd1 Bf5 22. Bd3 Bg4 23. Re1 Be6 24. h3 Nd7 25. Red1 f5 26. Be2 Bf6 27. e4 Bh4 28. Rf1 Rf8 29. Nf3 Bf6 30. Nbd2 Be7 31. cxb5 axb5 32. Qd3 fxe4 33. Qxe4 Nf6 34. Qe3 Qxe3 35. fxe3 Bd7 36. e4 Nh5 37. Bd3 Nf4 38. Rxc8 Rxc8 39. Bb1 Be6 40. Ne1 Nc3 41. Bc2 Bh4 42. Kh2 Nce2 43. Bb3 Ng3 44. Rxf4 Bxb3 45. Rxh4 1-0

[Event "Decin op-A"]
[Site "?"]
[Date "1998.??.??"]
[Round "2"]
[White "Odesskij Ilia"]
[Black "Janturin Artur"]
[Result "1-0"]
[WhiteElo "2430"]
[BlackElo "2210"]
[PlyCount "121"]
[EventDate "1998.??.??"]
[Source "www.chesslib.no"]
[SourceDate "2004.05.04"]

1. b3 b6 2. Bb2 Bb7 3. e3 e6 4. Nf3 Nf6 5. g3 Be7 6. Bg2 O-O 7. O-O d6 8. c4 Nbd7 9. Nc3 Ne4 10. Ne2 c5 11. Qc2 Qc7 12. d3 Ng5 13. Nd2 Bxg2 14. Kxg2 Qb7+ 15. f3 e5 16. Nc3 Ne6 17. Nd5 Nf6 18. Nxf6+ Bxf6 19. Ne4 Be7 20. Nc3 Rae8 21. Kg1 f5 22. Rae1 Bf6 23. Nd5 Nc7 24. Nxf6+ Rxf6 25. f4 Ne6 26. Qg2 Qxg2+ 27. Kxg2 Nd8 28. fxe5 dxe5 29. d4 exd4 30. exd4 Rxe1 31. Rxe1 cxd4 32. Re8+ Rf8 33. Rxf8+ Kxf8 34. Bxd4 Nc6 35. Bc3 Kf7 36. h4 g6 37. Kf3 Ke6 38. Kf4 Nd8 39. a3 Nf7 40. Bd4 Nd8 41. b4 Kd6 42. Be5+ Ke7 43. Bc3 Ke6 44. a4 Nf7 45. Bd4 Nd8 46. Be5 Ke7 47. Bc3 Ke6 48. b5 Nb7 49. Bd4 h6 50. Ke3 Kd6 51. Bg7 Nc5 52. Bf8+ Kc7 53. Bxh6 Nxa4 54. Bf8 Nc3 55. Bg7 Ne4 56. Be5+ Kb7 57. g4 a5 58. gxf5 gxf5 59. h5 Ng5 60. Kf4 Nf7 61. Bg7 1-0

[Event "Sweden"]
[Site "?"]
[Date "2001.11.10"]
[Round "4"]
[White "Welin Thomas"]
[Black "Brontz Alexander"]
[Result "1-0"]
[WhiteElo "2375"]
[BlackElo "2245"]
[PlyCount "63"]
[EventDate "2001.??.??"]
[Source "www.chesslib.no"]
[SourceDate "2004.05.04"]

1. b3 b6 2. Bb2 Bb7 3. e3 e6 4. Nf3 f5 5. g3 Nf6 6. Bg2 Be7 7. O-O O-O 8. c4 Qe8 9. Nc3 Qh5 10. d4 d6 11. d5 e5 12. Nxe5 dxe5 13. Qxh5 Nxh5 14. d6 Bxg2 15. dxe7 Bxf1 16. exf8=Q+ Kxf8 17. Kxf1 Nc6 18. Rd1 Nf6 19. Ke2 Rc8 20. Nd5 Ne8 21. f4 e4 22. Rg1 h5 23. h3 Kf7 24. g4 hxg4 25. hxg4 Nd8 26. gxf5 c6 27. Nc3 Nf6 28. Rd1 Nb7 29. Nxe4 Rc7 30. Ng5+ Ke8 31. Ne6 Re7 32. Rg1 1-0

[Event "Corr"]
[Site "?"]
[Date "2001.11.21"]
[Round "?"]
[White "Gawehns Klaus"]
[Black "Le Duigou Jean-Guy"]
[Result "1-0"]
[WhiteElo "2475"]
[BlackElo "2129"]
[PlyCount "35"]
[EventDate "2001.??.??"]
[Source "www.chesslib.no"]
[SourceDate "2004.05.04"]

1. b3 b6 2. Bb2 Bb7 3. e3 e6 4. f4 Nf6 5. Nf3 Be7 6. Rg1 c5 7. g4 Ne4 8. g5 O-O 9. Nc3 Nxc3 10. Bxc3 d5 11. Bd3 d4 12. exd4 cxd4 13. Nxd4 Bc5 14. Bxh7+ Kxh7 15. Qh5+ Kg8 16. Rg3 Qd5 17. O-O-O Rc8 18. f5 1-0

[Event "It (open)"]
[Site "Senta (Serbia)"]
[Date "2007.07.22"]
[Round "2"]
[White "Pletl Akos (SCG)"]
[Black "Perunovic Miodrag (SCG)"]
[Result "0-1"]
[WhiteElo "2217"]
[BlackElo "2368"]
[PlyCount "96"]
[EventDate "2007.??.??"]
[Source "www.chesslib.no"]
[SourceDate "2004.05.04"]

1. b3 b6 2. Bb2 Bb7 3. Nf3 Nf6 4. e3 e6 5. Be2 c5 6. O-O Be7 7. c4 O-O 8. Qc2 Qc7 9. Ng5 g6 10. f4 d6 11. Bf3 Nbd7 12. Bxb7 Qxb7 13. Rf3 Rfe8 14. Nc3 Bf8 15. Nce4 Nxe4 16. Nxe4 d5 17. Ng5 Bg7 18. Rh3 Nf8 19. cxd5 exd5 20. Bxg7 Kxg7 21. Qb2+ f6 22. Nf3 Rad8 23. f5 d4 24. fxg6 hxg6 25. exd4 Ne6 26. Rh4 Nxd4 27. Nxd4 cxd4 28. d3 Qd5 29. Qf2 Re3 30. Rf1 Rd6 31. Qf4 g5 32. Rg4 Kh7 33. Qf2 Qe6 34. Rg3 Re2 35. Qf3 Qe3+ 36. Qxe3 dxe3 37. Rd1 Rxd3 38. Kf1 Rf2+ 39. Ke1 Rxd1+ 40. Kxd1 Rxa2 41. Rxe3 Rxg2 42. Re7+ Kg6 43. Rxa7 Rxh2 44. Rb7 g4 45. Ke1 f5 46. b4 g3 47. Rb8 f4 48. Rg8+ Kf5 0-1

[Event "PF-op"]
[Site "Eisenberg"]
[Date "1993.??.??"]
[Round "?"]
[White "Schneider, Attila"]
[Black "Krauss, Hans Peter"]
[Result "0-1"]
[WhiteElo "2355"]
[BlackElo "2230"]
[PlyCount "56"]
[EventDate "1993.??.??"]
[Source "www.chesslib.no"]
[SourceDate "2004.05.04"]

1. b3 b6 2. Bb2 Bb7 3. e3 Nf6 4. Ne2 c5 5. d4 e6 6. Nd2 d5 7. f3 Nbd7 8. g3 h5 9. h4 Qc7 10. Kf2 Bd6 11. Rc1 O-O 12. Bh3 Rae8 13. Rg1 e5 14. c3 Re7 15. Nf1 Rfe8 16. Rc2 Ba6 17. c4 exd4 18. exd4 dxc4 19. bxc4 Bxc4 20. Nc1 b5 21. Rxc4 bxc4 22. Qc2 cxd4 23. Bxd4 Bc5 24. Bxc5 Qxc5+ 25. Kg2 Re1 26. Kh1 Qa3 27. Nd2 Rxg1+ 28. Kxg1 Re1+ 0-1

[Event "DEN Team Ch 8990"]
[Site "Denmark"]
[Date "1989.??.??"]
[Round "6"]
[White "Andersen, Daniel"]
[Black "Ochsner, Thomas"]
[Result "1/2-1/2"]
[WhiteElo "2280"]
[BlackElo "2300"]
[PlyCount "55"]
[EventDate "1989.??.??"]
[Source "www.chesslib.no"]
[SourceDate "2004.05.04"]

1. b3 b6 2. Bb2 Bb7 3. e3 Nf6 4. c4 c5 5. Nf3 e6 6. Be2 Be7 7. O-O O-O 8. Re1 d5 9. d4 Nc6 10. Nc3 dxc4 11. bxc4 cxd4 12. exd4 Rc8 13. Qa4 Na5 14. Ne5 Qe8 15. Nb5 a6 16. Nc3 Ne4 17. Qxe8 Rfxe8 18. Nxe4 Bxe4 19. c5 bxc5 20. Bxa6 Ra8 21. Rxe4 Rxa6 22. dxc5 Bxc5 23. Nd7 Be7 24. Rg4 g6 25. Ra4 Rd6 26. Rd4 Rxd4 27. Bxd4 Rd8 28. Bc3 1/2-1/2

[Event "CZE-chT2 9697"]
[Site "Czech Republic"]
[Date "1997.??.??"]
[Round "?"]
[White "Turner, Jan"]
[Black "Bores, Roman"]
[Result "0-1"]
[WhiteElo "2295"]
[BlackElo "2270"]
[PlyCount "78"]
[EventDate "1996.??.??"]
[Source "www.chesslib.no"]
[SourceDate "2004.05.04"]

1. b3 b6 2. Bb2 Bb7 3. e3 e6 4. f4 f5 5. Nf3 Nf6 6. d3 Be7 7. Nbd2 O-O 8. Qe2 d5 9. g3 c5 10. Bg2 Nc6 11. O-O Qd7 12. Ne5 Nxe5 13. fxe5 Ng4 14. h3 Nh6 15. a4 a6 16. Qh5 b5 17. Qe2 Bc6 18. axb5 axb5 19. Rfd1 Qb7 20. Kh2 Rxa1 21. Rxa1 Ra8 22. Qf1 Bg5 23. Qe1 Rxa1 24. Bxa1 d4 25. Bxc6 Qxc6 26. exd4 cxd4 27. Bxd4 Qxc2 28. Be3 Nf7 29. d4 Qd3 30. Bf4 Bxf4 31. gxf4 Qxd4 32. Kg3 g5 33. Qf2 gxf4+ 34. Qxf4 Qxe5 35. Qxe5 Nxe5 36. Kf4 Ng6+ 37. Ke3 e5 38. Nb1 Nf4 39. Nc3 b4 0-1

[Event "FRA Ch Acc"]
[Site "Montpellier FRA"]
[Date "1991.??.??"]
[Round "1"]
[White "Petit, Eric"]
[Black "Marciano, David"]
[Result "1-0"]
[WhiteElo "2210"]
[BlackElo "2345"]
[PlyCount "50"]
[EventDate "1991.??.??"]
[Source "www.chesslib.no"]
[SourceDate "2004.05.04"]

1. b3 b6 2. Bb2 Bb7 3. e3 e6 4. f4 f5 5. Nf3 Nf6 6. Be2 Be7 7. O-O O-O 8. c4 c5 9. Nc3 Nc6 10. Qe1 d5 11. d4 a6 12. Rd1 Qc7 13. Bd3 Rae8 14. Ne5 cxd4 15. exd4 Nxd4 16. Nxd5 Nxd5 17. Bxd4 Nb4 18. Qe3 Nxd3 19. Rxd3 Rd8 20. Bxb6 Rxd3 21. Nxd3 Qc6 22. Rf2 Bf6 23. Nb4 Qd6 24. Bc5 Qd1+ 25. Rf1 Qd7 1-0

[Event "FRA Team Ch"]
[Site "France"]
[Date "1989.??.??"]
[Round "?"]
[White "Yedlin, Isidoro"]
[Black "Marciano, David"]
[Result "0-1"]
[WhiteElo "2225"]
[BlackElo "2320"]
[PlyCount "116"]
[EventDate "1989.??.??"]
[Source "www.chesslib.no"]
[SourceDate "2004.05.04"]

1. b3 b6 2. e4 Bb7 3. Nc3 e5 4. d4 Bb4 5. Bb2 Nf6 6. dxe5 Nxe4 7. Qd3 Qh4 8. Nh3 Nxc3 9. Bxc3 Qe4+ 10. Kd2 Qxd3+ 11. Kxd3 Nc6 12. Bxb4 Nxb4+ 13. Kc3 Nd5+ 14. Kb2 Ne7 15. Nf4 Nd5 16. Nd3 O-O-O 17. c4 Ne7 18. h4 d6 19. Kc3 Rhe8 20. exd6 Rxd6 21. Re1 Rdd8 22. Rh3 Nf5 23. Rxe8 Rxe8 24. g4 Nd6 25. g5 Kd8 26. b4 Re4 27. c5 Rc4+ 28. Kb3 Bd5 29. Ka4 Nf5 30. Kb5 Nd4+ 31. Ka4 Rc2 32. b5 Bc4 33. Nb4 Bxf1 34. Nxc2 Nxc2 35. cxb6 axb6 36. Rh1 Bc4 37. Rc1 Bd3 38. Kb3 Nd4+ 39. Kb4 Bxb5 40. h5 c5+ 41. Ka3 Ke7 42. Re1+ Be2 43. Kb2 Ke6 44. a4 Kf5 45. Kc3 Kxg5 46. Rb1 b5 47. a5 b4+ 48. Kb2 c4 49. Ka2 Nc6 50. a6 c3 51. Kb3 Bxa6 52. Rg1+ Kh6 53. f4 Bc8 54. Ra1 Be6+ 55. Kc2 Kxh5 56. Rg1 Kh6 57. Rg5 Nd4+ 58. Kc1 b3 0-1

[Event "Cuxhaven"]
[Site "?"]
[Date "2000.??.??"]
[Round "4"]
[White "Wiertzema Michael"]
[Black "Kersten Uwe"]
[Result "0-1"]
[WhiteElo "2204"]
[BlackElo "2341"]
[PlyCount "50"]
[EventDate "2000.??.??"]
[Source "www.chesslib.no"]
[SourceDate "2004.05.04"]

1. b3 b6 2. Bb2 c5 3. e3 Bb7 4. f4 Nf6 5. Nf3 g6 6. d3 Bg7 7. Nbd2 O-O 8. e4 d5 9. e5 Ng4 10. Qe2 d4 11. Nxd4 Nxe5 12. fxe5 cxd4 13. Nf3 Nc6 14. O-O-O Rc8 15. a3 Qd5 16. h4 Nxe5 17. Nxd4 Nd7 18. Qe4 Qxe4 19. dxe4 Nc5 20. h5 Bxe4 21. Bc4 a6 22. hxg6 Bxg6 23. a4 Nxa4 24. Bxa6 Nxb2 25. Kxb2 Rxc2+ 0-1

[Event "Rybinsk"]
[Site "?"]
[Date "1999.??.??"]
[Round "?"]
[White "Polovnikova Ekaterina"]
[Black "Kosintseva Tatiana"]
[Result "1-0"]
[WhiteElo "2336"]
[BlackElo "2177"]
[PlyCount "69"]
[EventDate "1999.??.??"]
[Source "www.chesslib.no"]
[SourceDate "2004.05.04"]

1. b3 b6 2. Bb2 Bb7 3. Nf3 f5 4. g3 e6 5. Bg2 Nf6 6. O-O d5 7. c4 Be7 8. cxd5 exd5 9. Qc2 Qc8 10. Nd4 g6 11. Rc1 c5 12. b4 O-O 13. bxc5 bxc5 14. Ba3 Na6 15. Nb3 Qd7 16. Nxc5 Nxc5 17. Bxc5 Rac8 18. d4 Ne4 19. Bxe4 fxe4 20. Nd2 Bxc5 21. dxc5 Ba6 22. Nb3 Qg4 23. Nd4 Bc4 24. c6 Rc7 25. Qd2 Rcf7 26. Rf1 h5 27. h4 Rg7 28. Qg5 Qh3 29. Rab1 Kh7 30. Rb7 Rff7 31. Rxf7 Rxf7 32. Rb1 Qc8 33. Qe5 Rc7 34. Ne6 Re7 35. Ng5+ 1-0

[Event "Ch Hungary team"]
[Site "?"]
[Date "2001.??.??"]
[Round "7"]
[White "Mate Laszlo"]
[Black "Letay Gyula"]
[Result "1/2-1/2"]
[WhiteElo "2308"]
[BlackElo "2191"]
[PlyCount "83"]
[EventDate "2001.??.??"]
[Source "www.chesslib.no"]
[SourceDate "2004.05.04"]

1. b3 b6 2. Bb2 Bb7 3. e3 e6 4. f4 Nf6 5. Nf3 Be7 6. g3 c5 7. Bg2 d6 8. O-O Nbd7 9. d3 Qc7 10. Nbd2 O-O 11. Qe2 Rfd8 12. e4 Bf8 13. e5 Ne8 14. f5 exf5 15. e6 Ne5 16. Nxe5 dxe5 17. exf7+ Qxf7 18. Bxb7 Qxb7 19. Rxf5 Nd6 20. Rxe5 Nf7 21. Rf5 b5 22. Raf1 Rd7 23. Ne4 Nh6 24. Rf6 Nf7 25. Qf2 c4 26. Rf5 cxd3 27. cxd3 h6 28. Nc5 Bxc5 29. Qxc5 Nd6 30. Rd5 Rc8 31. Qd4 Rc2 32. Rf2 Rxf2 33. Kxf2 Rf7+ 34. Kg1 Nf5 35. Qc5 Ne7 36. Re5 Qf3 37. Re1 Nf5 38. Qf2 Qxd3 39. Qe2 Qd5 40. Qe8+ Kh7 41. Qe5 Qd3 42. Qe4 1/2-1/2

[Event "Open, Pula CRO"]
[Site "?"]
[Date "2001.??.??"]
[Round "8"]
[White "Hummel, M."]
[Black "Goric, E."]
[Result "1-0"]
[WhiteElo "2170"]
[BlackElo "2325"]
[PlyCount "95"]
[EventDate "2001.??.??"]
[Source "www.chesslib.no"]
[SourceDate "2004.05.04"]

1. b3 b6 2. Bb2 Bb7 3. e3 e6 4. d3 Nf6 5. Nd2 Be7 6. f4 d6 7. Ngf3 Nbd7 8. Qe2 O-O 9. h3 a5 10. a4 Nd5 11. Qf2 Bf6 12. d4 Nb4 13. Rc1 Re8 14. c3 Nd5 15. Bb5 c6 16. Bc4 e5 17. fxe5 dxe5 18. O-O e4 19. Nh2 Kh8 20. Rce1 Bg5 21. Bxd5 cxd5 22. Qxf7 Bh4 23. Rc1 Ba6 24. c4 Nf6 25. Ba3 Qb8 26. Rxf6 Bxf6 27. Qxd5 Bb7 28. Qf5 Qd8 29. Nb1 Be7 30. Bb2 Rf8 31. Qh5 Bg5 32. Re1 Rf5 33. Qe2 Bh4 34. Rf1 Rxf1+ 35. Qxf1 Qg5 36. Bc1 Qe7 37. Ba3 Qe6 38. Qf4 Bf6 39. Ng4 h5 40. d5 Qf7 41. Nxf6 Qxf6 42. Qxf6 gxf6 43. Bb2 Kg7 44. Nc3 Kg6 45. Nxe4 b5 46. Nd6 bxa4 47. Nxb7 axb3 48. d6 1-0